00809cam a22002651a 4500001001300000003000400013005001700017008004100034010001700075035001900092040001900111042001200130043001200142050001600154100002200170245007500192260005000267300005200317500003800369500002000407651003100427651003300458651003500491999001700526rc 01001695 DLC20260227111904.0830929s1894 inua 001 0ceng  arc 01001695  a(OCoLC)9961556 aDLCcMnHidDLC apremarc an-us-in00aF534.R3bR81 aRoyalty, James H.10aHistory of the town of Remington and vicinity, Jasper County, Indiana. aLogansport, Ind. :bWilson, Humphreys,c1894. a270 p., [21] leaves of plates :bill. ;c24 cm. aPreface signed: James H. Royalty. aIncludes index. 0aRemington (Ind.)xHistory. 0aRemington (Ind.)vBiography. 0aJasper County (Ind.)xHistory. c52158d52158